000 00982nam a22003137a 4500
003 CHAP
005 20220329141327.0
008 971013s1986 r 00010 d
010 _a66445
011 _a67417
035 _a76887
040 _cCHAP
090 _aFolleto 10557
100 0 0 _aLannen Project Co.
_964783
245 _aMáquina plantadora de árboles modelo Lannen para plantas cultivadas en paperport
260 _aSakyla, Finlandia :
_bLannen Project,
_c[1986?]
300 _a2 p.
500 _a28-55
590 _aBATCH-UPD
_b10
_c20130110
_lUCH01
_h0339
590 _aBATCH-UPD
_b10
_c20130110
_lUCH01
_h2039
590 _aBATCH-UPD
_b10
_c20130410
_lUCH01
_h0013
590 _aBATCH-UPD
_b10
_c20130914
_lUCH01
_h1714
590 _aCONVERSION
_b10
_c20130109
_lUCH01
_h1337
650 1 4 _aMaquinaria agrícola.
_971151
650 1 4 _aPlantación de árboles.
_988782
901 _aBK
942 _cFOLL
949 _aFolleto 10557
_bBC
_cFOLL
_d-29744
_eTS1
_i76887
_mD
_si
999 _c66445
_d66445